東横インがある市区町村 - Statistics

General Stats
  • This quiz has been taken 4 times
  • The average score is 135 of 186
Answer Stats
Hint Answer % Correct
北海道 北見市
100%
北海道 釧路市
100%
北海道 帯広市
100%
北海道 旭川市
100%
北海道 札幌市
100%
北海道 苫小牧市
100%
北海道 函館市
100%
北海道 網走市
75%
北海道 北斗市
75%
青森県 青森市
75%
青森県 弘前市
75%
青森県 八戸市
75%
岩手県 盛岡市
75%
岩手県 北上市
75%
岩手県 一関市
75%
秋田県 秋田市
75%
宮城県 仙台市
75%
山形県 山形市
75%
山形県 米沢市
75%
福島県 福島市
75%
福島県 郡山市
75%
福島県 いわき市
75%
福島県 会津若松市
75%
福島県 西郷村
75%
茨城県 日立市
75%
茨城県 水戸市
75%
茨城県 土浦市
75%
茨城県 つくば市
75%
茨城県 取手市
75%
栃木県 那須塩原市
75%
栃木県 宇都宮市
75%
栃木県 小山市
75%
栃木県 足利市
75%
群馬県 桐生市
75%
群馬県 太田市
75%
群馬県 伊勢崎市
75%
群馬県 前橋市
75%
群馬県 高崎市
75%
埼玉県 春日部市
75%
埼玉県 草加市
75%
埼玉県 八潮市
75%
埼玉県 熊谷市
75%
埼玉県 さいたま市
75%
埼玉県 川口市
75%
埼玉県 蕨市
75%
埼玉県 戸田市
75%
埼玉県 朝霞市
75%
埼玉県 所沢市
75%
千葉県 柏市
75%
千葉県 松戸市
75%
千葉県 成田市
75%
千葉県 印西市
75%
千葉県 市川市
75%
千葉県 千葉市
75%
東京都 江戸川区
75%
東京都 江東区
75%
東京都 北区
75%
東京都 台東区
75%
東京都 文京区
75%
東京都 中央区
75%
東京都 千代田区
75%
東京都 港区
75%
東京都 品川区
75%
東京都 大田区
75%
東京都 豊島区
75%
東京都 新宿区
75%
東京都 調布市
75%
東京都 府中市
75%
東京都 立川市
75%
東京都 福生市
75%
東京都 八王子市
75%
神奈川県 川崎市
75%
神奈川県 横浜市
75%
神奈川県 相模原市
75%
神奈川県 大和市
75%
神奈川県 海老名市
75%
神奈川県 厚木市
75%
神奈川県 藤沢市
75%
神奈川県 茅ヶ崎市
75%
神奈川県 平塚市
75%
神奈川県 小田原市
75%
山梨県 大月市
75%
山梨県 甲府市
75%
山梨県 富士河口湖町
75%
長野県 長野市
75%
長野県 上田市
75%
長野県 佐久市
75%
長野県 松本市
75%
新潟県 新潟市
75%
新潟県 燕市
75%
新潟県 上越市
75%
富山県 富山市
75%
富山県 高岡市
75%
石川県 金沢市
75%
福井県 福井市
75%
福井県 敦賀市
75%
静岡県 熱海市
75%
静岡県 三島市
75%
静岡県 御殿場市
75%
静岡県 沼津市
75%
静岡県 富士市
75%
静岡県 静岡市
75%
静岡県 藤枝市
75%
静岡県 掛川市
75%
静岡県 浜松市
75%
愛知県 豊橋市
75%
愛知県 豊田市
75%
愛知県 知立市
75%
愛知県 名古屋市
75%
愛知県 一宮市
75%
岐阜県 羽島市
75%
三重県 四日市市
75%
三重県 津市
75%
三重県 松阪市
75%
三重県 伊勢市
75%
滋賀県 米原市
75%
滋賀県 彦根市
75%
滋賀県 草津市
75%
滋賀県 大津市
75%
京都府 京都市
75%
奈良県 奈良市
75%
奈良県 天理市
75%
奈良県 王寺町
75%
大阪府 豊中市
75%
大阪府 東大阪市
75%
大阪府 大阪市
75%
大阪府 堺市
75%
和歌山県 和歌山市
75%
兵庫県 尼崎市
75%
兵庫県 神戸市
75%
兵庫県 姫路市
75%
兵庫県 赤穂市
75%
岡山県 岡山市
75%
岡山県 倉敷市
75%
広島県 福山市
75%
広島県 東広島市
75%
広島県 広島市
75%
鳥取県 鳥取市
75%
鳥取県 米子市
75%
島根県 松江市
75%
島根県 出雲市
75%
山口県 岩国市
75%
山口県 周南市
75%
山口県 山口市
75%
山口県 下関市
75%
香川県 高松市
75%
香川県 丸亀市
75%
愛媛県 新居浜市
75%
愛媛県 松山市
75%
徳島県 徳島市
75%
高知県 高知市
75%
福岡県 北九州市
75%
福岡県 福岡市
75%
福岡県 久留米市
75%
佐賀県 佐賀市
75%
長崎県 佐世保市
75%
長崎県 長崎市
75%
大分県 中津市
75%
大分県 大分市
75%
熊本県 熊本市
75%
熊本県 八代市
75%
宮崎県 宮崎市
75%
鹿児島県 鹿児島市
75%
沖縄県 那覇市
75%
沖縄県 石垣市
75%
茨城県 守谷市
50%
栃木県 壬生町
50%
埼玉県 三郷市
50%
埼玉県 和光市
50%
千葉県 流山市
50%
千葉県 鎌ヶ谷市
50%
千葉県 袖ヶ浦市
50%
東京都 東久留米市
50%
東京都 町田市
50%
東京都 あきる野市
50%
愛知県 安城市
50%
愛知県 常滑市
50%
大阪府 門真市
50%
島根県 浜田市
50%
長崎県 対馬市
50%
鹿児島県 薩摩川内市
50%
埼玉県 志木市
25%
東京都 稲城市
25%
東京都 昭島市
25%
兵庫県 相生市
25%
熊本県 大津町
0%
No matching quizzes found
Score Distribution
Percent of People with Each Score
Percentile by Number Answered
Your Score History
You have not taken this quiz